000 01224nam a2200313 i 4500
003 EG-GICUC
005 20260121101237.0
008 251117s2013 ua ||||fr|||| 00| 0 ara d
020 _a9789773289625
040 _a EG-GICUC
_bara
_c EG-GICUC
_d EG-GICUC
_erda
041 0 _hara
082 0 4 _221
_a345.204
_bح ا . ت
092 0 4 _221
099 _aLaw1 07 345.204 ح ا . ت 2013
100 0 _aحازم صلاح الدين عبد الله
_eمؤلف.
245 1 0 _aتعاقد جهة الإدارة عبر شبكة الإنترنت :
_bدراسة مقارنة /
_cالدكـتور حازم صلاح الدين عبد الله.
264 1 _aالاسكـندرية :
_bدار الجامعة الجديدة ،
_c2013.
300 _a558 صفحة ؛
_c24 سم.
336 _2rda content
_atext
337 _2rda media
_aComputer
338 _2rda carrier
_aOnline Resource
504 _aيشتمل على إرجاعات ببليوجرافية
504 _a.ببليوجرافيا صفحات : (513-519)
546 _aالنص باللغة العربية
650 1 _aالقانون الإداري
856 4 0 _uhttps://fll.law.cu.edu.eg/fulltext/bks/B07-00762.pdf
905 _a33
942 _2ddc
_cBK
_e21
_n0
999 _c44053
_d44053